Pablo de Tarso a Roma
Сохранить в:
| Главный автор: | |
|---|---|
| Формат: | |
| Язык: | испанский |
| Опубликовано: |
Santander
Sal Terrae
2008
|
| Редактирование: | 2a. ed |
| Серии: | Colección Presencia Teológica, 158
|
| Предметы: | |
| Метки: |
Добавить метку
Нет меток, Требуется 1-ая метка записи!
|
MARC
| LEADER | 00000cam a2200000 a 4500 | ||
|---|---|---|---|
| 001 | UCD2174 | ||
| 003 | CL-VaPUC | ||
| 008 | 160414e20080000sp |||||||||||||||||spa|d | ||
| 020 | |a 9788429317169 | ||
| 082 | 0 | 4 | |a 226.6 |b VID |2 21 |
| 100 | 0 | |a Vidal García, Senén |e author |9 585467 | |
| 245 | 1 | 0 | |a Pablo de Tarso a Roma |
| 250 | |a 2a. ed | ||
| 300 | |a 255 p | ||
| 942 | |c BK | ||
| 945 | |d 20160414 22:20:00 |a arojas | ||
| 260 | |a Santander |b Sal Terrae |c 2008 | ||
| 600 | 0 | |a Pablo de Tarso, Santo |9 321163 | |
| 650 | 0 | |a Apóstoles |9 444286 | |
| 650 | 0 | |a Hechos de los apóstoles |9 483141 | |
| 583 | |a last modification |c 20160414 22:20:00 |k Rodrigo Vera | ||
| 490 | 0 | |a Colección Presencia Teológica, 158 | |
| 999 | |c 363369 |d 363367 | ||
| 952 | |0 0 |1 0 |3 erb |4 0 |6 226_600000000000000_VID_2008 |7 0 |8 A |9 475563 |a BIBTEO |b BIBTEO |i 5281342 |o 226.6 VID 2008 |p 5281342 |r 2025-01-17 |w 2019-11-24 |y BK |z Catalogado en:20160414 |k ICR | ||